000 00693nam a22001937a 4500
999 _c17928
_d17928
003 AR-CdUCM
008 190510b ||||| |||| 00| 0 spa d
040 _aMUNICIPALIDAD PROVINCIAL DEL CUSCO
_cBIBLIOTECA MUNICIPAL DEL CUSCO
082 _a985.072 /
_bB42
100 _aBéjar, Héctor
_912375
245 _aLas guerrillas de 1965 :
260 _aLima :
_bPeisa,
_c1973.
300 _a170 paginas ;
_c18 cm.
505 _aContenido :Guerrilla en Germen,ideas en germen --La opción de hoy --Bosquejo económico --El marco social --Las causas políticas --El E.L.N --1965 ...
650 _aHistoria
_9136
650 _aGuerrillas
_93891
942 _2ddc
_cLIBROS
945 _arjall
_d2019-05-10